[Event "ISR-ch"]
[Site "Tel Aviv"]
[Date "2002.11.29"]
[Round "5"]
[White "Erenburg, Sergey"]
[Black "Shachar, Ehud"]
[Result "0-1"]
[WhiteElo "2494"]
[BlackElo "2374"]
[Annotator "Erenburg,S"]
[PlyCount "70"]
[EventDate "2002.11.24"]
[EventType "swiss"]
[EventRounds "9"]
[EventCountry "ISR"]
[SourceTitle "CBM 093"]
[Source "ChessBase"]
[SourceDate "2003.04.01"]
[SourceVersion "1"]
[SourceVersionDate "2003.04.01"]
[SourceQuality "1"]

1. e4 e6 2. d4 d5 3. e5 c5 4. c3 Nc6 5. Nf3 Qb6 6. a3 a5 7. Bd3 Bd7 8. Bc2 {
Quite a rare way to fight for the advantage.} ({White usually tries to get the
advantage after} 8. O-O {1/2-1/2 Shirov,A-Anand,V/New Delhi/Theran 2000/CBM 80/
[Ftacnik] (34)}) 8... h5 9. O-O Nh6 10. b3 {A good waiting move, as well as,
is moving away the pawn from its vulnerable b2 square.} (10. Ra2 Be7 11. Be3 {
See 0-1 Spassky,B-Kortschnoj,V/St Petersburg 1999/EXT 2000 (40)}) 10... Be7 (
10... cxd4 11. cxd4 Nf5 12. Bxf5 exf5 13. Nc3 Be6 14. Ne2 {[%cal Yc1g5,Ye2f4]
This position is exactly what white is striving to get.}) (10... Nf5 $6 11.
dxc5) 11. Ra2 {[%csl Ga2] The white rook would enter to the game after
exchange of light-squared bishop on the black knight on f5.} ({White tried} 11.
h4 cxd4 12. cxd4 Rc8 13. Bb2 Qd8 14. g3 b5 $13 {1/2-1/2 Mukhametov,
E-Kortschnoj,V/Baden 1997/EXT 99 (38)}) 11... cxd4 12. cxd4 Rc8 13. Kh1 $1 $146
{[%mdl 8] White prepares Nc3, and waits for black's g5 as well.} (13. Be3 $6
Ng4) (13. Bxh6 $5 Rxh6 14. Qd2 Rh8 15. h4 $13 {1-0 Spassky,B-Kortschnoj,V/St
Petersburg 1999/EXT 2000 (40)}) ({White still cannot play Nc3 in view of:} 13.
Nc3 Nxd4 14. Nxd4 (14. Nxd5 $4 Nxf3+) 14... Rxc3) 13... g5 {[%cal Gg5g4] Black
hasn't useful moves anymore, so he decides to play actively.} (13... Nf5 14.
Bxf5 exf5 15. Nc3 Be6 16. Ne2 {[%cal Yc1g5] and white keeps the control over
the black squares.}) (13... O-O $2 14. Bxh6) 14. Be3 $1 Nf5 $6 ({Relatively
better was} 14... g4 15. Ng1 $14 {with following Ne2.}) 15. Bxf5 exf5 16. Nxg5
f4 $8 ({In case of} 16... Bxg5 17. Bxg5 Qxd4 {[%tqu "En","Please find the way
to get winning position for white.","","","e5e6","",10]} 18. e6 $1 $18 {
[%cal Gd1d4,Gg5f6]} (18. Rd2 Qg4 {and black still keeps some chance.}) 18...
fxe6 (18... Qxd1 19. exd7+ Kxd7 20. Rxd1 $18) 19. Qxd4 Nxd4 20. Bf6 $18) 17.
Bxf4 Qxd4 18. Bd2 $6 {throws away the white's advantage.} ({White could get
the advantage after} 18. Qf3 $1 Bg4 19. Qg3 Rg8 20. h4 $16) (18. Qd2 {was
strong as well}) 18... Nxe5 19. Nf3 (19. Bc3 {didn't promise anything special}
Qxd1 20. Rxd1 Rg8 $11) 19... Nxf3 20. Qxf3 Qg4 (20... Bg4 $2 {allows tactical
resourse to white} 21. Bc3 $1) 21. Qd3 $8 {White hasn't another options:} (21.
Qxd5 $2 Bc6 {[%cal Rg4g2,Rc6g2]} 22. f3 Qxg2+ $17) (21. Qxg4 $2 hxg4 {[%csl
Gd7,Ge7,Rh1,Gh8]}) 21... Rg8 (21... Qe4 $6 22. Qxe4 dxe4 23. Bxa5 $14) 22. Rg1
$13 d4 $6 {[%cal Gd7c6]} (22... Rc5 {[%cal Gd7f5] deserved attention}) 23. f3
$1 {A strong move, which limites the possibilities of black's light-squared
bishop, when it comes to c6. After white neutralizes black's activity, he
starts to activize his pieces and to capture the material.} Qh4 ({In case of} 
23... Qg6 24. Qxd4 Bc5 25. Re1+ Kf8 (25... Kd8 26. Bxa5+ b6 27. Qh4+ Kc7 28.
Bb4 $18 {[%csl Gg2]}) (25... Be6 26. Qa4+ $18) 26. Bh6+ $1 $18) 24. Qh7 $1 {
the queen is penetrating to the black camp, which is unpleasant to opponent
camp.} Rg6 (24... Rf8 {leads to lost position for black.} 25. Bh6 Bd6 26. g3
Qf6 27. Qe4+ Kd8 28. Bxf8 Bc6 29. Bg7 $18) 25. Qh8+ $1 ({The mistake was to
play} 25. Bxa5 $2 Be6 $1 {[%cal Ge8d7]}) 25... Bf8 26. Bxa5 {[%cal Ga5b4]} Qf6
$8 27. Re2+ $16 Be6 28. Qxh5 $4 {[%mdl 8192] This position I saw in my
calculations from 23-rd move, and I didn't find anything dangerous for me...} (
{After the simple} 28. Qxf6 {white keeps the advantage.} Rxf6 29. Bb6 $16) {
[%tqu "En","Please enter a move for black.","","","c8c5","",10]} 28... Rc5 $19
{[%csl Ra5,Rh5] The blunder 28.Qxh5 allows black to win a piece, so the almost
winning position turned into an absolutely lost one.} (28... Rg5 $4 {This is
the only move I saw for black} 29. Rxe6+ $1 $18) 29. Qh3 Rxa5 {Black is a
piece up, white hasn't any compensation, so the rest was a matter of technic.}
30. f4 Qxf4 31. Qd3 Rh6 32. g3 Qf5 $1 33. Qxd4 Qf3+ 34. Rgg2 Rxh2+ $1 35. Kxh2
Rh5+ {The well-conducted game by white, except of one move, which cost for
white the whole point!} (35... Rh5+ 36. Kg1 Bc5 $19) 0-1

[Event "YUG-ch"]
[Site "Tivat"]
[Date "1994.??.??"]
[Round "9"]
[White "Kosic, Dragan"]
[Black "Abramovic, Bosko"]
[Result "0-1"]
[WhiteElo "2515"]
[BlackElo "2500"]
[Annotator "Ernst,T"]
[PlyCount "86"]
[EventDate "1994.03.??"]
[EventType "tourn"]
[EventRounds "13"]
[EventCountry "YUG"]
[EventCategory "10"]
[SourceTitle "CBM 043"]
[Source "ChessBase"]
[SourceDate "1994.12.01"]
[SourceVersion "1"]
[SourceVersionDate "1994.12.01"]
[SourceQuality "1"]

1. e4 c5 2. c3 e6 3. d4 d5 4. e5 Nc6 5. Nf3 Nh6 6. Be3 $5 (6. Be2) 6... Nf5 7.
Bd3 Nxe3 8. fxe3 Be7 9. O-O $5 (9. Qd2) 9... O-O 10. Nbd2 Bd7 11. a3 {/\ b4} (
11. Qe1 $142 {/\Qg3}) 11... c4 12. Bc2 b5 13. Qe1 a5 14. Qg3 b4 15. e4 (15.
axb4 axb4 16. e4 Rxa1 17. Rxa1 Qb6 $17) 15... bxc3 16. bxc3 a4 17. Rf2 Rb8 18.
Nf1 (18. exd5 exd5 19. Bxa4 Nxd4 $1 20. cxd4 (20. Nxd4 Bh4 $1) 20... Bxa4 $17)
(18. Qh3 $5 h6 19. exd5 exd5 20. Bf5 Bxf5 21. Qxf5 $13 {/\e6}) 18... Rb3 $1 19.
Bxb3 cxb3 20. Qg4 $1 (20. exd5 exd5 21. Ne3 Be6 {/\ Na5} 22. c4 dxc4 23. d5 Bc5
$19) 20... Na5 21. Ng3 Kh8 $1 (21... Nc4 22. Nh5 g6 23. Nf6+ Bxf6 24. exf6 Qxf6
25. exd5 $16) 22. Nh5 Rg8 23. exd5 $6 (23. h4 $142 $1 {/\Ng5}) 23... exd5 24.
e6 Bxe6 25. Ne5 Qe8 $17 26. Qe2 (26. Qxe6 fxe6 27. Nf7+ Qxf7 28. Rxf7 b2 {
/\ Ba3-+}) 26... Bd6 27. Qa6 Bxe5 28. Qxa5 Bd6 29. Qa6 Qd7 30. Nf4 h6 31. Nd3 (
31. Nxe6 fxe6 32. Raf1 Bxa3 33. Rf7 Be7 $19) 31... Rc8 32. Nb2 Rxc3 33. Nxa4 (
33. Qxa4 Qc7) 33... Rc2 34. Rb1 (34. Nc5 Qc7 $19) (34. Rxc2 bxc2 35. Nc5 Qc7
$19) 34... Bxh2+ $19 35. Kf1 Rxf2+ 36. Kxf2 Qe7 37. Rxb3 Qh4+ 38. g3 Qxd4+ 39.
Kg2 Qd2+ 40. Kh1 Bf5 41. Nc3 Bxg3 42. Qa8+ Kh7 43. Qxd5 Qh2# 0-1

[Event "ISR-ch"]
[Site "Ramat Aviv/Modiin"]
[Date "2000.12.23"]
[Round "7"]
[White "Golod, Vitali"]
[Black "Finkel, Alexander"]
[Result "1/2-1/2"]
[WhiteElo "2590"]
[BlackElo "2467"]
[Annotator "Finkel,A"]
[PlyCount "50"]
[EventDate "2000.12.17"]
[EventType "tourn"]
[EventRounds "11"]
[EventCountry "ISR"]
[EventCategory "11"]
[SourceTitle "CBM 081"]
[Source "ChessBase"]
[SourceDate "2001.03.20"]
[SourceVersion "1"]
[SourceVersionDate "2001.03.20"]
[SourceQuality "1"]

{[%mdl 48]} 1. e4 e6 2. d4 d5 3. e5 c5 4. c3 Nc6 5. Nf3 Qb6 6. a3 c4 {Nowdays
this move is not so popular and black usually opts for 6...Bd7 or for 6...a5.}
7. g3 Bd7 8. Bg2 Na5 9. Nbd2 Ne7 10. O-O f5 $5 {I think this move has to be
made otherwise white has very unpleasent initiative on the kingside.} (10...
Qc7 11. Ne1 Nc8 12. f4 Nb6 13. Qe2 O-O-O 14. Nc2 Kb8 15. Ne3 Be7 16. f5 $14 {
Danesis,O-Makka,I/4th Open 2000}) (10... h6 11. Rb1 (11. Qe2 O-O-O 12. Rb1 Kb8
13. Ne1 Nb3 14. Ndf3 Nxc1 15. Rxc1 Nf5 16. Rb1 $14 {Biolek,R-Hagara,E/Mipap
Cup 2000}) 11... Qc7 12. Re1 (12. Qc2 Nc8 13. Ne1 Nb6 14. Qd1 O-O-O 15. f4 f5
16. exf6 gxf6 17. Qe2 Bd6 18. Nef3 $14 {Ionnides,M-Naumkin,I/London Lloyds 1993
}) 12... Nc8 13. Nf1 Nb6 14. Ne3 O-O-O 15. Qe2 Be7 16. Nd2 Kb8 17. f4 Ka8 18.
Rf1 $14 {Havranek,M-Prandstetter,E/Decin op 1996}) (10... Nf5 11. Re1 Be7 12.
Rb1 h5 13. h4 Rc8 14. Bh3 g6 15. Qc2 Rc7 16. Nf1 Qb3 17. Qe2 Ba4 18. Bxf5 gxf5
19. Bg5 $14 {Nunn,J-Arkell,K/Isle of Man op 1994}) 11. exf6 gxf6 12. Nh4 $1
O-O-O (12... h5 $6 {[%csl Rh5]} 13. Bf3 e5 14. Bxh5+ Kd8 15. dxe5 fxe5 16. Bf3
$14) (12... Ng6 $2 13. Qh5 $16 {[%cal Gh5e8,Gh5h8]}) 13. Qh5 (13. f4 $6 e5 {
[%cal Gb6g1]} 14. fxe5 fxe5 15. Ndf3 Nb3 16. Rb1 Bg7 17. Bg5 Rhe8 $17) 13...
Be8 14. Qe2 Ng6 15. Ndf3 Bf7 (15... Nb3 16. Rb1 Nxc1 17. Rbxc1 Bf7 18. Qc2 Bg7
19. Rfe1 Rde8 $44) 16. Be3 Kb8 $5 {I wasn't sure if the king is very safe on
c8 (espacially if black decides to play e5 at some stage) and decided to
transfer it to safer shelter in the corner.} 17. Rfe1 Ka8 18. Bh3 {[%csl Re6]
[%cal Ge2c2,Ge1e2,Ga1e1,Ge3c1]} Bg7 19. Qc2 Rde8 20. Re2 Nc6 {The Knight has
nothing to do on a5.} 21. Rae1 Nxh4 22. Nxh4 Ne7 23. Bf4 (23. Bxe6 $6 Qxe6 (
23... Bxe6 $2 24. Bh6 Bxh6 25. Rxe6 Qd8 26. Qe2 Bf8 27. Nf5 $16 {[%cal Ge1e8]})
24. Bh6 Qxe2 25. Rxe2 Bxh6 $15) (23. Bc1 $5 $11) 23... Ng6 24. Ng2 (24. Nxg6
hxg6 25. Bg2 g5 26. Bc1 Bh5 27. Re3 f5 $15) 24... e5 25. Be3 e4 $15 1/2-1/2

[Event "Israel"]
[Site "Israel"]
[Date "1998.??.??"]
[Round "?"]
[White "Finkel, Alexander"]
[Black "Krayz, Alexander"]
[Result "1-0"]
[WhiteElo "2500"]
[BlackElo "2375"]
[Annotator "Finkel,A"]
[PlyCount "69"]
[EventDate "1998.08.28"]
[EventType "swiss"]
[EventRounds "9"]
[EventCountry "ISR"]
[SourceTitle "CBM 064"]
[Source "ChessBase"]
[SourceDate "1998.06.02"]
[SourceVersion "1"]
[SourceVersionDate "1998.06.02"]
[SourceQuality "1"]

1. e4 e6 2. d4 d5 3. e5 c5 4. c3 Nc6 5. Be3 Qb6 (5... Nge7 $5 {Knaak} 6. Nf3 (
6. Bd3 Qb6 7. Qd2 cxd4 8. cxd4 Nf5 9. Nc3 (9. Bxf5 exf5 $10) 9... Nxe3 10. fxe3
Bd7 11. Nge2 f6 12. exf6 gxf6 13. O-O-O Nb4 14. Rhf1 Be7 15. Nf4 O-O-O 16. Kb1
Kb8 17. Ka1 Nxd3 18. Qxd3 Rc8 $15 {Bobras,P-Socko,B/POL-chJ U20 (04) ;TD 94\01
1994/1/2-1/2 (78)}) (6. f4 $2 Nf5 7. Bf2 cxd4 8. Bxd4 $6 Nfxd4 (8... Qh4+ 9. g3
Nxg3 10. Bf2 Qxf4 $19 {/\ Qe4+}) 9. cxd4 Qa5+ 10. Nc3 Bb4 $15 {0-1 Lang,
W-Heinz,W/PF-op Mehlingen ;GER 05 1992 (29)}) 6... Nf5 7. Bd3 cxd4 8. cxd4 Nxe3
9. fxe3 Nb4 10. Nc3 Nxd3+ 11. Qxd3 Be7 12. h4 Bd7 13. O-O-O Rb8 14. e4 dxe4 {
1/2-1/2 Boensch,U-Chernin,A/Tilburg (02) ;CBM 44 1994}) 6. Qd2 Bd7 7. f4 $5 {
The main expert of this variation GM V.Kupreichik prefers 7.Nf3,but I think
that the move in the game has the full right to exsist.} (7. dxc5 $6 {Knaak}
Bxc5 8. Bxc5 Qxc5 9. Nf3 f6 (9... Nge7 {/\ Ng6=/+}) 10. b4 Qe7 11. exf6 Nxf6 (
11... Qxf6 $5) 12. b5 Na5 13. Qd4 $1 O-O 14. Nbd2 Kh8 15. Ne5 Be8 16. Bd3 b6
17. O-O Qc5 18. Nb3 $1 Nxb3 19. axb3 Qxd4 20. cxd4 $16 {1-0 Jonkman,H-Costello,
C/Leeuwarden op (02) ;TD 93\09 1993 (36)}) 7... Nh6 (7... Rc8 8. Nf3 f6 $5 9.
Be2 cxd4 10. cxd4 Na5 11. Nc3 Nc4 12. Bxc4 Rxc4 13. f5 $5 $36 {Gunnarsson,
J-Halldorsson,J/Hellir, Reykjavic ICL 1997 (24)}) 8. Nf3 Rc8 (8... cxd4 9. cxd4
Rc8 10. Nc3 Na5 11. Bd3 (11. h3 $5) 11... Bb4 12. h3 Nf5 13. Bf2 Nc4 14. Bxc4
Rxc4 15. O-O (15. g4 $5 Ne7 16. O-O Qa5 17. Rfd1 O-O 18. Qe3 $14 {Gunnarsson
Jon Viktor-Williams Simon/Olympiad (under 1995 (42)}) 15... Bxc3 16. bxc3 h5 $6
17. Nh4 $5 Nh6 18. Rab1 Qc7 19. Be1 Kd8 20. f5 $1 exf5 21. Qg5+ Kc8 22. Qxg7
$16 {Gunnarsson,J-Arnason,T/Reykjavik op (07) ;EXP 39 1994/1-0 (57)}) 9. h3 $5
{Sooner or later this move has to be played.} (9. Be2 cxd4 10. cxd4 Bb4 11. Nc3
Na5 12. O-O $6 (12. h3 $5 $14) 12... Ng4 $1 13. h3 Nxe3 14. Qxe3 Bxc3 15. bxc3
Nc4 $13 {Gunnarsson,J-Vidarsson,J/Hafnarfjordur open 1995/0-1 (49)}) 9... Nf5
10. Bf2 cxd4 ({Deserved attention immideate} 10... h5 $5 11. Be2 cxd4 12. cxd4
Na5 13. O-O Nc4 14. Bxc4 Rxc4 {winning a tempo comparing to variation which
occured in the game.}) 11. cxd4 h5 12. Nc3 Na5 13. Rc1 $1 Nc4 $6 (13... h4 $5
14. Bd3 Nc4 15. Bxc4 Rxc4 16. O-O Be7 17. Rc2 O-O 18. Rfc1 Rfc8 19. Nd1 $11)
14. Bxc4 Rxc4 15. O-O Be7 ({Still} 15... h4 $5 {was in place.}) 16. g3 $1 $14 {
It's to early to play g4,because black king is in the center and it's very
usefull to prevent h4 in any case.} g6 17. Kg2 $1 {After g4 white king comes
to g3 defending the pawn.} Rc7 18. Rc2 Kf8 {It's to dangerous to castle and
black tries to bring his king to g7.} (18... O-O $6 19. g4 hxg4 20. hxg4 Nh6
21. Kg3 Kg7 22. Be3 Rh8 $8 23. Qc1 $1 $16 {[%csl Rh6][%cal Gc2h2,Gf1h1,Gf4f5]}
(23. Rh1 $2 Nxg4 $1 24. Rxh8 Nxe3 $17)) 19. g4 Nh6 20. Kg3 Ke8 $6 {Strange
decision.It's true that black king woud'nt feel safe on g7,but it was
nessasary to play 20...Kg7.} 21. Be3 {[%cal Gf4f5]} Bf8 {Sad move to make,but
f5 was very unpleasent threat.} 22. Rfc1 Rc6 23. Ng5 Qd8 24. Na4 Rxc2 25. Qxc2
Be7 $6 (25... b6 26. Qb3 hxg4 27. hxg4 Bg7 28. Rc3 $1 Ng8 29. Qc2 $16 {[%csl
Ra7][%cal Gc3c7]}) 26. Nc5 $16 hxg4 27. hxg4 Bc8 $2 (27... Bc6) 28. Qa4+ Kf8
29. Qxa7 $18 {Now in addition to all positional pluses white has material
advantage!} Bxc5 30. Qxc5+ Kg7 31. Qc7 Qe8 32. Qa5 $1 {Black is completly tied
up and there is no reason to give him any counterchances.} Rf8 33. Bd2 Qd8 34.
Rc7 Re8 35. Bb4 1-0

[Event "Canadian op"]
[Site "Edmonton"]
[Date "2005.07.15"]
[Round "8"]
[White "Shabalov, Alexander"]
[Black "Shirov, Alexei"]
[Result "0-1"]
[WhiteElo "2631"]
[BlackElo "2705"]
[Annotator "Finkel,A"]
[PlyCount "60"]
[EventDate "2005.07.09"]
[EventType "swiss"]
[EventRounds "10"]
[EventCountry "CAN"]
[SourceTitle "CBM 107 Extra"]
[Source "ChessBase"]
[SourceDate "2005.09.01"]
[SourceVersion "1"]
[SourceVersionDate "2005.09.01"]
[SourceQuality "1"]

1. e4 e6 2. d4 d5 3. e5 c5 4. c3 Nc6 5. Nf3 Bd7 6. Be2 {Nowdays players using
this variation prefer to play 6.a3.} (6. Bd3 cxd4 7. cxd4 Qb6 8. O-O Nxd4 9.
Nxd4 Qxd4 10. Nc3) (6. a3) 6... Nge7 7. Na3 cxd4 8. cxd4 Nf5 9. Nc2 Qb6 10. O-O
Na5 {Intending to trade the lightsquared bishops on b5.} (10... Rc8 11. g4 Nfe7
12. Nh4 Nb4 13. Nxb4 Qxb4 14. f4 Nc6 (14... Bb5 15. Qd2 $1 Qa4 16. b3 Qa6 17.
Bxb5+ Qxb5 18. f5 Nc6 19. Bb2 $14 {Sveshnikov,E-Ulibin,M/Rus/1992/}) 15. Be3
Be7 16. Ng2 $14 {Sveshnikov,E-Gleizerov,E/RUS/1992}) (10... a5 11. g4 Nfe7 12.
Nh4 Ng6 13. Ng2 Be7 14. f4 O-O 15. Be3 f5 16. exf6 Rxf6 17. h4 Bd6 18. h5 Nge7
19. Bd3 Rf7 $1 20. Qe2 a4 21. Rab1 Raf8 $13 {Yagupov,I-Piskov,Y/Rostov/1993/})
11. g4 (11. Ne3 $5) 11... Ne7 12. Nfe1 Bb5 13. Nd3 h5 $1 14. gxh5 (14. b4 Nac6
15. a4 Bc4 16. a5 Qc7 17. gxh5 Nf5 18. Be3 Bb3 (18... Rc8 19. Rc1 Qd8 20. Nf4
Bxe2 21. Qxe2 Qh4 22. a6 b6 23. Ne1 $16 {Stevic,H-Bukal,V/Pula 1996}) (18...
Qd8 $5 19. Nf4 Bxe2 20. Qxe2 a6 21. Rfb1 Na7 22. Na3 Nc6 23. Nc2 Na7 24. Na3
Nc6 25. Nc2 Na7 {1/2-1/2 Stevic,H-Dizdar,G/Porec 1998}) 19. Qb1 Bxc2 20. Qxc2
Qd8 21. Nc5 (21. Qa4 a6 22. b5 axb5 23. Qxb5 Qd7 24. Nc5 Bxc5 25. Qxc5 Qe7 26.
Qc3 O-O $44 {Stevic,H-Suskovic,M/Zadar 1996}) 21... Bxc5 22. Qxc5 Rc8 23. Qb5
O-O 24. Rad1 Qe7 25. Kh1 Qh4 $17 {Van der Werf,M-Hansen,L/Wijk aan Zee 1993})
14... Nf5 15. Be3 Nc6 $1 {The knight is better placed on c6, attacking a pawn
on d4} (15... Nc4 16. a4 Ncxe3 17. fxe3 Bc4 18. Nf4 Bb3 19. Bb5+ Kd8 20. Qe2
Bxc2 21. a5 Qc7 22. Rfc1 Rc8 23. a6 b6 24. Ba4 $14 {Sveshnikov,E-Dolmatov,S/
Nabereznye Chelny 1988}) (15... Rc8 16. b3 (16. b4 Nc6 17. a4 Bc4 18. Rb1 Qd8
19. Nf4 Bxe2 20. Qxe2 Qh4 21. h3 Be7 22. Qg4 Nxe5 23. dxe5 Rxc2 $15 {
Sveshnikov,E-Kiriakov,P/Elista 1994}) 16... Nc6 17. Rc1 Be7 18. Kh1 Ba6 19. Rg1
Rh7 20. Bg4 Nxe3 21. fxe3 Nd8 22. Qd2 $14 {Pioch,Z-Elwert,H/Norway 1994}) (
15... Qd8 16. Bf4 Rc8 17. Rc1 Rxc2 $5 18. Qxc2 Nxd4 19. Qd1 Nxe2+ 20. Qxe2 Qh4
21. Bg3 Qe4 22. Qc2 Nc6 $13 {Horvat,S-Pecnik,L/Pula 1999}) 16. a4 (16. Nc5 Bxe2
17. Qxe2 Nxe3 18. fxe3 Bxc5 19. dxc5 Qxc5 $17) 16... Bc4 17. b4 Qd8 $1 $36 {
Bringing the queen back to the kingside to attack white''s king which was
exposed by g4.} (17... Bb3 18. a5 Qd8 19. Nde1 Bxb4 20. Qb1 Bc4 21. Bxc4 dxc4
22. Nxb4 Qh4 $44 {Zenker,O-Lutzenberger,R/IECG email 2001}) 18. Bg4 Nxe3 19.
fxe3 Qg5 20. h3 Rxh5 21. Qf3 {It's obvious that black is doing fine, but
Shirov finds a way to decide the game in his favor in just 10 moves!} O-O-O $1
(21... Nd8 $15) 22. Qxf7 $2 {White doesn't feel the danger.} (22. Rad1 Rh6)
22... Rxh3 23. Qxe6+ (23. Nf2 Rg3+ 24. Kh2 Qh4+ 25. Bh3 Bxf1 26. Qxe6+ Kb8 27.
Rxf1 Rf3 28. Kg1 Qg5+ 29. Kh2 Nxb4 $19) 23... Kb8 24. Rxf8 Rg3+ (24... Rxf8 $2
25. Qd6+ Ka8 26. Qxf8+ $18) 25. Kf2 Rxg4 26. Qd6+ Ka8 27. Rxd8+ Nxd8 28. Qd7 (
28. Nf4 Qh4+ 29. Kf3 Qg3#) 28... Rg2+ 29. Ke1 Qg3+ 30. Kd1 Qf3+ (30... Qf3+ 31.
Kc1 Rxc2+ 32. Kxc2 Qe2+ 33. Kc1 Qxe3+ 34. Kb1 Qxd3+ 35. Kc1 Qc3+ 36. Kb1 Qxb4+
37. Kc1 Qc3+ 38. Kb1 Nc6 $19) 0-1

[Event "Groningen"]
[Site "Groningen"]
[Date "1994.??.??"]
[Round "7"]
[White "Hodgson, Julian M"]
[Black "Jussupow, Artur"]
[Result "0-1"]
[WhiteElo "2580"]
[BlackElo "2655"]
[Annotator "Ftacnik,L"]
[PlyCount "94"]
[EventDate "1994.12.??"]
[EventType "tourn"]
[EventRounds "11"]
[EventCountry "NED"]
[EventCategory "15"]
[SourceTitle "CBM 045"]
[Source "ChessBase"]
[SourceDate "1995.04.01"]
[SourceVersion "1"]
[SourceVersionDate "1995.04.01"]
[SourceQuality "1"]

1. d4 {Kortschnoj} e6 2. e4 d5 3. e5 c5 4. c3 Nc6 5. Nf3 Bd7 (5... Qb6 6. a3
Bd7 7. b4 cxd4 8. cxd4 Rc8) 6. a3 Rc8 {Kortschnoj} 7. Bd3 (7. b4 {Kortschnoj}
cxd4 8. cxd4 Qb6 {Transposing to the old main line 5...Qb6 6.a3 (Bd7 7.b4 cd4
8.cd4 Rc8).} 9. Be3 (9. Bb2 Na5 $1 10. Nbd2 Nc4 11. Bxc4 dxc4 12. Rc1 c3 $44 {
Sax,G-Nogueiras,J/Wcht-Luzern/1989/1/2-1/2/ ;CBM 16}) 9... Nge7 $13 {Bezgodov,
A-Belozerov,A/St. Petersburg op/1994/0-1/ ;CBM 41 and Andrienko,A-Danielian,O/
Jurmala/1991/1/2-1/2/ ;CBM 24}) 7... cxd4 8. cxd4 Qb6 9. Bc2 g5 (9... Nxd4 $2
10. Nxd4 Bc5 11. Nf3 Bxf2+ 12. Ke2 $16) 10. h3 Nxd4 $1 11. Nxd4 Bc5 12. Be3 (
12. Ne2 Bxf2+ 13. Kf1 f6 $1 $13 14. Ba4 fxe5 15. Bxd7+ $2 (15. Nbc3 Bc5 $13)
15... Kxd7 16. Qa4+ Rc6 17. g3 Ne7 18. Kg2 Nf5 19. Nbc3 Bxg3 $1 20. Nxg3 Nh4+
21. Kf1 Rf8+ 22. Ke1 Qf2+ 23. Kd1 Qxg3 (23... Rf3 $3 24. Nf1 Rd3+ 25. Bd2 Nf3
26. Kc2 Rd4 $19) 24. Qxa7 $13 {Sveshnikov,E-Chernin,A/URS-ch52 Riga/1985/}) (
12. Nf3 Bxf2+ 13. Ke2 Bg3 $8 {~/= Kortschnoj} 14. Rf1 Rxc2+ 15. Qxc2 Bb5+ $17)
12... Qxb2 {-/+ Kortschnoj} 13. Bb3 (13. O-O Bb6 14. Nd2 Bxd4 15. Bxd4 Qxd4 $17
) 13... Qxa1 14. O-O Ne7 15. Re1 (15. Nc2 $2 Qxe5 $19) 15... Nc6 (15... Qb2 $2
16. Re2) 16. Nxe6 $1 (16. Nc2 Qb2 17. Bxc5 Qxb3 $19 {-/+ Kortschnoj}) (16. Nf5
Nxe5 (16... d4 17. Ng7+ Kf8 18. Bxg5 Rg8 19. Bh6 $132) 17. Nd6+ Bxd6 18. Bd4
Rc1 $1 19. Bxa1 Rxd1 20. Rxd1 f6 $19) 16... Bxe3 $6 (16... Bxe6 17. Bxc5 b6 $17
) 17. Ng7+ Kf8 18. Qxd5 Nxe5 19. Rxe3 (19. Nh5 Qd4 $19) 19... Rc1+ (19... Qxb1+
$2 20. Kh2 Kxg7 21. Rxe5 $1 $40 (21. Qxe5+ Kh6 22. Rf3 Rhg8 $17)) 20. Kh2 Rxb1
21. Nh5 $2 (21. Rxe5 $1 Rxb3 (21... Rh1+ 22. Kg3 Rxh3+ 23. gxh3 Qg1+ 24. Kf3
Qh1+ 25. Ke2 Qxd5 26. Rxd5 Bc6 27. Nf5 Bxd5 28. Bxd5 $13) (21... Kxg7 $2 22.
Qxf7+ Kh6 23. Qf6+ Kh5 24. Qxg5#) 22. Nf5 $1 (22. Qd6+ Kg8 23. Rxg5 h6 24. Ne6+
hxg5 25. Qf8+ Kh7 26. Qxf7+ Kh6 $19) 22... Rxh3+ 23. gxh3 Bxf5 24. Rxf5 f6 $15)
21... Rh1+ 22. Kg3 Rxh3+ {! Kortschnoj} 23. gxh3 Qg1+ 24. Qg2 Qxg2+ 25. Kxg2
Bc6+ (25... Ng6 26. Nf6 Nf4+ 27. Kh2 Be6 $17) 26. Kg3 Nd7 {-/+ Kortschnoj} 27.
Bc2 (27. Kg4 h6 $17) 27... Rg8 28. Kg4 (28. Bxh7 $2 Rh8 $19) 28... h6 29. Bf5
Rg6 $1 30. h4 (30. Bxg6 $2 fxg6 31. Ng3 Nf6#) (30. f4 gxf4+ 31. Kxf4 Rg1 $19)
30... gxh4+ 31. Bxg6 fxg6 32. Nf4 Kf7 (32... Nf6+ 33. Kh3 g5 34. Ne6+ Kg8 35.
f4 Bd7 36. f5 $17) 33. Nd3 (33. Ne6 Nf6+ 34. Kxh4 g5+ 35. Kg3 Ne4+ 36. Kh2 Kxe6
37. f3 Kf5 38. fxe4+ Bxe4 $19) 33... g5 34. Kh3 (34. Kh5 Nf6+ 35. Kxh6 Ng4+ 36.
Kxg5 Nxe3 37. fxe3 h3 38. Ne5+ Ke6 39. Ng4 b5 40. Kh4 Bf3 41. Nh2 Bg2 $19)
34... Bd5 35. Ne5+ Nxe5 36. Rxe5 Be6+ 37. Kh2 Ke7 (37... Kf6 38. Rc5) 38. f4 (
38. Rc5 Kd6 $19) 38... Kf6 39. Rb5 (39. Rc5 gxf4 40. Rc7 f3 41. Kg1 Bd5 $19)
39... b6 40. fxg5+ hxg5 41. a4 Bd7 42. Rb4 Ke5 43. Rb1 (43. a5 b5 44. Rb2 g4
$19) 43... Bxa4 {-+ Kortschnoj} 44. Re1+ Kf6 45. Ra1 (45. Rc1 g4 46. Rc7 Bb5
47. Rxa7 g3+ 48. Kg2 (48. Kh3 Bf1+ 49. Kxh4 g2 $19) 48... Bc4 49. Rh7 Bd5+ 50.
Kh3 Be6+ 51. Kg2 Kg5 $19) 45... b5 46. Kh3 a5 47. Kg4 Kg6 (47... Kg6 48. Re1
Bb3 (48... b4 {Kortschnoj} 49. Re6+ Kf7 50. Ra6 Bd7+ 51. Kxg5 h3 $19) 49. Re5
Bd1+ 50. Kh3 b4 51. Rxa5 b3 $19) 0-1